Match the Author to Their Book #4 - Statistics

General Stats
  • This quiz has been taken 14 times
  • The average score is 11 of 15
Answer Stats
Hint Answer % Correct
Murder on the Orient Express Agatha Christie
92%
Brave New World Aldous Huxley
92%
On the Road Jack Kerouac
92%
The Handmaids Tale Margaret Atwood
92%
The Hunchback of Notre-Dame Victor Hugo
92%
The Count of Monte Cristo Alexandre Dumas
85%
A Clockwork Orange Anthony Burgess
85%
Catch-22 Joseph Heller
77%
The Secret History Donna Tart
69%
The World According to Garp John Irving
69%
Wide Sargasso Sea Jean Rhys
62%
To the Lighthouse Virginia Woolf
62%
Giovanni's Room James Baldwin
46%
Circe Madeline Miller
38%
The Perks of Being a Wallflower Stephen Chbosky
38%
No matching quizzes found
Score Distribution
Percent of People with Each Score
Percentile by Number Answered
Your Score History
You have not taken this quiz